| 000 | 00689nam a22001577a 4500 | ||
|---|---|---|---|
| 008 | 110727t1975 xxu||||g |||| 000 0 ara d | ||
| 082 |
_222 _a341.5 _bع ق ا |
||
| 100 |
_926443 _aالعقاد،صلاح |
||
| 245 |
_aمأساة يونيو1967: _bحقائق و تحاليل/ _cصلاح العقاد |
||
| 260 |
_a[القاهرة]: _bمكتبة الأنجلو المصرية،1975 _c1975. |
||
| 300 |
_a327 ص، _c24.سم |
||
| 650 |
_916857 _aالنزاع العربى الإسرائيلى _z |
||
| 653 |
_bGeneral _cJuly2011 |
||
| 942 |
_2ddc _cBB |
||
| 999 |
_c15744 _d15744 |
||